000 01809cam a2200385 a 4500
001 EDZ0000117390
003 StDuBDS
005 20161031105202.0
006 m||||||||d||||||||
007 cr |||||||||||
008 130111s2011 caua fo| 000|0|eng|d
020 _a9781446263457 (ebook) :
_cNo price
040 _aStDuBDS
_beng
_cStDuBDS
_epn
049 _aAlfaisal Main Library
050 0 _aHM881
_b.S623 2011
082 0 4 _a303.484
_223
245 0 0 _aSocial and political movements
_h[electronic resource] /
_cedited by Cyrus Ernesto Zirakzadeh.
260 _aLos Angeles, [Calif.] ;
_aLondon :
_bSAGE,
_cc2011.
300 _a1 online resource (4 v.) :
_bill.
490 1 _aSAGE library of political science
505 0 _av. 1. Theorizing about movements after World War I -- v. 2. Emergence and evolution of political-process theory -- v. 3. Recent cultural approaches -- v. 4. Components, local conditions, and international contexts.
520 8 _aThis collection contains more than 55 writings by academics and public intellectuals. The essays are drawn from different decades of the 20th and 21st centuries, and from across the globe, presenting different and sometimes divergent lines of thinking about social movements.
521 _aSpecialized.
588 _aDescription based on print version record.
504 _aIncludes bibliographical references.
650 0 _aSocial movements.
650 0 _aPolitical participation.
655 7 _aElectronic books.
_2local
700 1 _aZirakzadeh, Cyrus Ernesto,
_d1951-
710 2 _aSage eBooks
776 0 8 _iPrint version :
_z9780857020918
830 0 _aSAGE library of political science.
856 4 0 _uhttp://ezproxy.alfaisal.edu/login?url=http://sk.sagepub.com/navigator/social-and-political-movements
942 _2lcc
_cEBOOKS
999 _c481222
_d481222